00990nam a2200217 a 450000100100000000500170001000800410002704000250006808200160009310000260010924501170013526001390025230000200039149000330041170000280044483000400047204900090051295201140052195201200063599900170075500002814120200930031402.0110407s1998 dr 000 0 spa d aDO-SdBNPbspacBNPHU axxxxbF487p1 aFilmus, Daniel92913610aPerspectivas de la educación en América Latina y República Dominicana /cDaniel Filmus, Josefina Pimentel. aSanto Domingo :bPrograma de Promoción de la Reforma Educativa en América :bFacultad Latinoamericana de Ciencias Sociales,c1998. a47 p. ;c27 cm.1 aDiálogos educativosvno. 212aPimentel, Daniel955142 0aDiálogos educativosvno. 2955143 aBNPD 0010718PDaPDbPDcHDd2011-04-07iLF1l0oxxxx F487pp28141-10r2020-06-25w2020-06-25yLFPDZNo se presta 0010718PDaPDbPDcHDd2013-07-04iLF1l0oxxxx F487pp28141-20r2020-06-25te. 2w2020-06-25yLFPDZNo se presta c27633d27633